000 nam a22 a 4500
999 _c856
_d856
003 AKMAL
005 20170505145851.0
008 170505s2007 my | e l 000 0 may d
020 _a9677010484 (kkt.) :
_cRM25.00
040 _aAKMAL
082 0 4 _a343.5950552 MAL
_222
090 0 0 _a343.5950552
_bMAL
110 1 _aMalaysia
_9400
245 1 0 _aAkta Cukai Jualan dan peraturan-peraturan Akta 64 /
_cdisusun semula oleh: Penasihat Undang-undang MDC
260 _aKuala Lumpur :
_bMDC Publishers,
_c2007
300 _a141ms. ;
_c25cm.
500 _amuka depan - peraturan-peraturan cukai jualan, peraturan-peraturan cukai jualan(kaedah penilaian), peraturan-peraturan cukai jualan(ketetapan kastam)
650 1 0 _aSales tax
_xLaw and legislation
_zMalaysia
_9621
650 2 0 _aTaxation
_xLaw and legislation
_zMalaysia
_9204
710 2 _aPenasihat Undang-Undang MDC
_9405
942 _2ddc
_cBOOK
950 _lAKMAL